[Event "2023 US National Elementary K-6 Championship"]
[Site "Baltimore, Maryland, United States"]
[Date "2023.05.13"]
[Round "3.9"]
[White "Drucker, Ari"]
[Black "Guo, Ethan"]
[Result "1/2-1/2"]
[TimeControl "G/90; d10"]
[WhiteElo "1777"]
[BlackElo "2103"]

1. d4 {[%clk 01:29:58]} {[%emt 00:00:11]} Nf6 {[%clk 01:29:56]} {[%emt
00:00:16]} 2. Nf3 {[%clk 01:29:44]} {[%emt 00:00:22]} e6 {[%clk 01:29:56]}
{[%emt 00:00:09]} 3. c4 {[%clk 01:29:32]} {[%emt 00:00:21]} b6 {[%clk
01:29:56]} {[%emt 00:00:10]} 4. Nc3 {[%clk 01:28:42]} {[%emt 00:01:00]} Bb7
{[%clk 01:29:45]} {[%emt 00:00:21]} 5. Bg5 {[%clk 01:27:08]} {[%emt 00:01:43]}
Bb4 {[%clk 01:29:20]} {[%emt 00:00:35]} 6. e3 {[%clk 01:26:29]} {[%emt
00:00:49]} h6 {[%clk 01:28:36]} {[%emt 00:00:54]} 7. Bh4 {[%clk 01:22:39]}
{[%emt 00:04:00]} g5 {[%clk 01:27:50]} {[%emt 00:00:56]} 8. Bg3 {[%clk
01:22:37]} {[%emt 00:00:12]} Ne4 {[%clk 01:27:41]} {[%emt 00:00:19]} 9. Qc2
{[%clk 01:21:42]} {[%emt 00:01:05]} Bxc3+ 10. bxc3 {[%clk 01:21:36]} d6 {[%clk
01:25:38]} 11. Bd3 {[%clk 01:21:24]} f5 {[%clk 01:25:33]} 12. h3 {[%clk
01:17:29]} {[%emt 00:03:07]} Nd7 {[%clk 01:24:36]} {[%emt 00:01:08]} 13. Bh2
{[%clk 01:16:41]} {[%emt 00:00:57]} Qe7 {[%clk 01:22:49]} {[%emt 00:01:57]} 14.
Rg1 {[%clk 01:14:18]} {[%emt 00:02:33]} O-O-O {[%clk 01:21:22]} {[%emt
00:01:38]} 15. O-O-O {[%clk 01:14:11]} {[%emt 00:00:16]} h5 {[%clk 01:19:06]}
{[%emt 00:02:26]} 16. d5 {[%clk 01:10:02]} {[%emt 00:04:19]} Ndc5 {[%clk
01:14:32]} {[%emt 00:04:45]} 17. Nd4 {[%clk 01:08:29]} {[%emt 00:01:43]} Nxd3+
{[%clk 01:12:25]} {[%emt 00:02:16]} 18. Rxd3 {[%clk 01:07:54]} {[%emt
00:00:45]} exd5 {[%clk 01:09:21]} {[%emt 00:03:14]} 19. cxd5 {[%clk 01:07:37]}
{[%emt 00:00:28]} Qf6 {[%clk 01:03:20]} {[%emt 00:06:12]} 20. Nc6 {[%clk
01:04:22]} {[%emt 00:03:25]} Bxc6 {[%clk 00:58:54]} {[%emt 00:04:36]} 21. dxc6
{[%clk 01:03:59]} {[%emt 00:00:32]} d5 {[%clk 00:58:41]} {[%emt 00:00:23]} 22.
c4 {[%clk 01:02:55]} {[%emt 00:01:14]} Qxc6 {[%clk 00:56:49]} {[%emt 00:02:02]}
23. cxd5 {[%clk 01:02:31]} {[%emt 00:00:33]} Qxc2+ {[%clk 00:56:39]} {[%emt
00:00:21]} 24. Kxc2 {[%clk 01:02:31]} {[%emt 00:00:01]} Nxf2 {[%clk 00:56:13]}
{[%emt 00:00:36]} 25. Rc3 {[%clk 01:02:23]} {[%emt 00:00:18]} Rd7 {[%clk
00:56:03]} {[%emt 00:00:20]} 26. Rc6 {[%clk 01:02:02]} {[%emt 00:00:31]} Ne4
{[%clk 00:53:28]} {[%emt 00:02:45]} 27. Rf1 {[%clk 01:01:07]} {[%emt 00:01:05]}
Rf8 {[%clk 00:50:46]} {[%emt 00:02:52]} 28. g4 {[%clk 01:00:53]} {[%emt
00:00:23]} hxg4 {[%clk 00:50:15]} {[%emt 00:00:41]} 29. hxg4 {[%clk 01:00:19]}
{[%emt 00:00:45]} f4 {[%clk 00:50:11]} {[%emt 00:00:14]} 30. exf4 {[%clk
01:00:02]} {[%emt 00:00:27]} Rxd5 {[%clk 00:50:11]} {[%emt 00:00:08]} 31. Kc1
{[%clk 00:56:59]} {[%emt 00:03:12]} Rh8 {[%clk 00:46:28]} {[%emt 00:03:54]} 32.
Bg1 {[%clk 00:55:20]} {[%emt 00:01:48]} Kb7 {[%clk 00:44:45]} {[%emt 00:01:53]}
33. Re6 {[%clk 00:54:34]} {[%emt 00:00:54]} Nc5 {[%clk 00:42:28]} {[%emt
00:02:30]} 34. Bxc5 {[%clk 00:53:59]} {[%emt 00:00:44]} Rxc5+ {[%clk 00:42:28]}
{[%emt 00:00:05]} 35. Kb1 {[%clk 00:53:38]} {[%emt 00:00:26]} gxf4 {[%clk
00:42:23]} {[%emt 00:00:20]} 36. Rf6 {[%clk 00:52:47]} {[%emt 00:00:59]} Rh2
{[%clk 00:40:37]} {[%emt 00:01:57]} 37. R6xf4 {[%clk 00:52:24]} {[%emt
00:00:33]} Rb5+ {[%clk 00:40:29]} {[%emt 00:00:19]} 38. Ka1 {[%clk 00:51:50]}
{[%emt 00:00:44]} Rg2 {[%clk 00:40:13]} {[%emt 00:00:26]} 39. R1f2 {[%clk
00:50:51]} {[%emt 00:01:08]} Rg3 {[%clk 00:38:21]} {[%emt 00:02:03]} 40. R2f3
{[%clk 00:48:58]} {[%emt 00:02:03]} Rg1+ {[%clk 00:38:13]} {[%emt 00:00:18]} 41.
Rf1 {[%clk 00:48:49]} {[%emt 00:00:19]} Rxf1+ {[%clk 00:38:13]} {[%emt
00:00:02]} 42. Rxf1 {[%clk 00:48:49]} {[%emt 00:00:07]} Rg5 {[%clk 00:38:13]}
{[%emt 00:00:03]} 43. Rg1 {[%clk 00:48:12]} {[%emt 00:00:46]} b5 {[%clk
00:38:06]} {[%emt 00:00:17]} 44. Kb2 {[%clk 00:48:12]} {[%emt 00:00:08]} c5
{[%clk 00:38:05]} {[%emt 00:00:12]} 45. Kc3 {[%clk 00:47:30]} {[%emt 00:00:52]}
Kb6 {[%clk 00:37:56]} {[%emt 00:00:19]} 46. Kd3 {[%clk 00:47:08]} {[%emt
00:00:31]} a5 {[%clk 00:37:32]} {[%emt 00:00:35]} 47. Rg2 {[%clk 00:46:15]}
{[%emt 00:01:02]} Kc6 {[%clk 00:37:17]} {[%emt 00:00:26]} 48. Ke4 {[%clk
00:44:24]} {[%emt 00:02:01]} b4 {[%clk 00:37:15]} {[%emt 00:00:12]} 49. Kf4
{[%clk 00:43:44]} {[%emt 00:00:49]} Rg8 {[%clk 00:37:00]} {[%emt 00:00:25]} 50.
Ke4 {[%clk 00:43:09]} {[%emt 00:00:45]} Kb5 {[%clk 00:36:38]} {[%emt 00:00:32]}
51. Kd3 {[%clk 00:43:03]} {[%emt 00:00:16]} c4+ {[%clk 00:36:07]} {[%emt
00:00:41]} 52. Kc2 {[%clk 00:42:55]} {[%emt 00:00:16]} c3 {[%clk 00:35:46]}
{[%emt 00:00:32]} 53. g5 {[%clk 00:42:34]} {[%emt 00:00:31]} Rg6 {[%clk
00:35:29]} {[%emt 00:00:27]} 54. Kb3 {[%clk 00:42:15]} {[%emt 00:00:28]} a4+
{[%clk 00:33:45]} {[%emt 00:01:55]} 55. Kc2 {[%clk 00:42:08]} {[%emt 00:00:17]}
Kc4 {[%clk 00:33:42]} {[%emt 00:00:13]} 56. Rg4+ {[%clk 00:42:03]} {[%emt
00:00:14]} Kc5 {[%clk 00:33:42]} {[%emt 00:00:07]} 57. Rg3 {[%clk 00:41:33]}
{[%emt 00:00:40]} Rb6 {[%emt 00:01:07]} 58. Rg1 {[%clk 00:40:39]} {[%emt
00:01:01]} Kd4 {[%clk 00:30:15]} {[%emt 00:02:43]} 59. Rg4+ {[%clk 00:38:53]}
{[%emt 00:01:57]} Ke5 {[%clk 00:29:50]} {[%emt 00:00:34]} 60. g6 {[%clk
00:37:01]} {[%emt 00:02:02]} b3+ {[%clk 00:29:41]} {[%emt 00:00:19]} 61. axb3
{[%clk 00:36:29]} {[%emt 00:00:42]} axb3+ {[%emt 00:00:06]} 62. Kb1 {[%clk
00:36:23]} {[%emt 00:00:15]} Rd6 {[%clk 00:16:38]} {[%emt 00:13:13]} 63. Rg1
{[%clk 00:36:18]} {[%emt 00:00:14]} Rd8 {[%clk 00:16:05]} {[%emt 00:00:44]} 64.
g7 {[%clk 00:35:51]} {[%emt 00:00:37]} c2+ {[%clk 00:13:07]} {[%emt 00:03:08]}
65. Kc1 {[%clk 00:35:40]} {[%emt 00:00:21]} Rg8 {[%clk 00:12:35]} {[%emt
00:00:42]} 66. Kb2 {[%clk 00:35:35]} {[%emt 00:00:15]} Kd4 {[%clk 00:12:17]}
{[%emt 00:00:28]} 67. Kxb3 {[%clk 00:35:03]} {[%emt 00:00:42]} Rxg7 {[%clk
00:12:09]} {[%emt 00:00:18]} 68. Rh1 {[%clk 00:34:38]} {[%emt 00:00:35]} Rg2
{[%clk 00:11:27]} {[%emt 00:00:52]} 69. Kb2 {[%clk 00:34:14]} {[%emt 00:00:33]}
Kd3 {[%clk 00:11:09]} {[%emt 00:00:28]} 70. Kc1 {[%clk 00:34:10]} {[%emt
00:00:14]} Rg3 {[%clk 00:10:52]} {[%emt 00:00:27]} 71. Rf1 {[%clk 00:32:21]}
{[%emt 00:01:46]} Rh3 {[%clk 00:10:01]} {[%emt 00:01:13]} 72. Rg1 {[%clk
00:32:19]} {[%emt 00:00:08]} Rh2 {[%clk 00:10:01]} {[%emt 00:00:12]} 73. Rg3+
{[%clk 00:31:28]} {[%emt 00:01:00]} Kc4 {[%clk 00:10:01]} {[%emt 00:00:08]} 74.
Rf3 {[%clk 00:31:17]} {[%emt 00:00:18]} Re2 {[%clk 00:09:53]} {[%emt 00:00:21]}
75. Rh3 {[%clk 00:30:53]} {[%emt 00:00:32]} Kb4 {[%clk 00:09:53]} {[%emt
00:00:07]} 76. Rg3 {[%clk 00:30:25]} {[%emt 00:00:38]} Rf2 {[%clk 00:09:33]}
{[%emt 00:00:29]} 77. Rh3 {[%clk 00:30:25]} {[%emt 00:00:07]} Kc4 {[%clk
00:09:27]} {[%emt 00:00:16]} 78. Rg3 {[%clk 00:30:25]} {[%emt 00:00:10]} Kd4
{[%clk 00:09:27]} {[%emt 00:00:06]} 79. Rh3 {[%clk 00:30:25]} {[%emt 00:00:09]}
Kc4 {[%clk 00:09:27]} {[%emt 00:00:07]} 80. Rg3 {[%clk 00:30:14]} {[%emt
00:00:21]} Rh2 {[%clk 00:09:27]} {[%emt 00:00:07]} 81. Rf3 {[%clk 00:30:14]}
{[%emt 00:00:09]} Kb4 {[%clk 00:09:27]} {[%emt 00:00:06]} 82. Rg3 {[%clk
00:30:08]} {[%emt 00:00:15]} Kc4 {[%clk 00:09:18]} {[%emt 00:00:20]} 83. Rf3
{[%clk 00:30:06]} {[%emt 00:00:12]} Re2 {[%clk 00:09:18]} {[%emt 00:00:08]} 84.
Rh3 {[%clk 00:30:05]} {[%emt 00:00:11]} Kd4 {[%clk 00:09:15]} {[%emt 00:00:13]}
85. Rg3 {[%clk 00:30:05]} {[%emt 00:00:07]} Rf2 {[%clk 00:09:15]} {[%emt
00:00:09]} 86. Rh3 {[%clk 00:30:05]} {[%emt 00:00:07]} Ke4 {[%clk 00:09:15]}
{[%emt 00:00:09]} 87. Rc3 {[%emt 00:00:46]} Kd4 {[%clk 00:09:15]} {[%emt
00:00:02]} 88. Rxc2 {[%clk 00:29:13]} {[%emt 00:00:28]} Rxc2+ {[%clk 00:09:15]}
{[%emt 00:00:05]} 89. Kxc2 {[%emt 00:00:05]} Kd5 {[%emt 00:00:31]} 90. Kc3
1/2-1/2

[Event "2023 US National Elementary K-6 Championship"]
[Site "Baltimore, Maryland, United States"]
[Date "2023.05.13"]
[Round "3.12"]
[White "Radhakrishnan, Sharath"]
[Black "Bhargava, Kushagra"]
[Result "1/2-1/2"]
[TimeControl "G/90; d10"]
[WhiteElo "2081"]
[BlackElo "1750"]

1. e4 {[%clk 01:30:00]} {[%emt 00:00:04]} c5 {[%clk 01:30:00]} {[%emt
00:00:10]} 2. Nf3 {[%clk 01:30:00]} {[%emt 00:00:06]} e6 {[%clk 01:30:00]}
{[%emt 00:00:06]} 3. d4 {[%clk 01:30:00]} {[%emt 00:00:06]} cxd4 {[%clk
01:30:00]} {[%emt 00:00:07]} 4. Nxd4 {[%clk 01:30:00]} {[%emt 00:00:06]} Nf6
{[%clk 01:30:00]} {[%emt 00:00:11]} 5. e5 {[%clk 01:28:18]} {[%emt 00:01:53]}
Qa5+ {[%clk 01:29:58]} {[%emt 00:00:12]} 6. Nc3 {[%clk 01:28:07]} {[%emt
00:00:21]} Qxe5+ {[%clk 01:29:48]} {[%emt 00:00:20]} 7. Be3 {[%clk 01:28:05]}
{[%emt 00:00:12]} Bb4 {[%clk 01:27:53]} {[%emt 00:02:04]} 8. Bc4 {[%clk
01:22:37]} {[%emt 00:05:38]} Nc6 {[%clk 01:25:14]} {[%emt 00:05:37]} 9. O-O
{[%clk 01:22:26]} Bxc3 {[%clk 01:20:21]} {[%emt 00:02:35]} 10. bxc3 {[%clk
01:22:26]} {[%emt 00:00:09]} d5 {[%clk 01:20:03]} {[%emt 00:00:27]} 11. Bb5
{[%clk 01:21:34]} {[%emt 00:01:02]} Bd7 {[%clk 01:19:46]} {[%emt 00:00:28]} 12.
Re1 {[%clk 01:20:45]} {[%emt 00:00:56]} Qc7 {[%clk 01:16:30]} {[%emt 00:03:28]}
13. Bd3 {[%clk 01:16:52]} {[%emt 00:04:01]} a6 {[%clk 01:11:22]} {[%emt
00:05:20]} 14. Qf3 {[%clk 01:15:15]} {[%emt 00:01:42]} O-O {[%clk 00:57:57]}
{[%emt 00:13:40]} 15. g4 {[%clk 01:00:15]} {[%emt 00:15:10]} e5 {[%clk
00:54:31]} {[%emt 00:03:36]} 16. Nxc6 {[%clk 00:59:00]} {[%emt 00:01:25]} Bxg4
{[%clk 00:43:20]} {[%emt 00:11:21]} 17. Qg3 {[%clk 00:57:23]} {[%emt 00:01:48]}
Qxc6 {[%clk 00:42:35]} {[%emt 00:00:55]} 18. Bg5 {[%clk 00:55:32]} {[%emt
00:02:00]} Bh5 {[%clk 00:41:52]} {[%emt 00:00:54]} 19. Rxe5 {[%clk 00:46:43]}
{[%emt 00:08:57]} Bg6 {[%clk 00:41:00]} {[%emt 00:01:02]} 20. Bxg6 {[%clk
00:42:26]} {[%emt 00:04:28]} fxg6 {[%clk 00:37:42]} {[%emt 00:03:28]} 21. Bxf6
{[%clk 00:36:25]} {[%emt 00:06:11]} Rxf6 {[%clk 00:35:10]} {[%emt 00:02:42]} 22.
Rd1 {[%clk 00:35:03]} {[%emt 00:01:30]} Raf8 {[%clk 00:33:07]} {[%emt
00:02:15]} 23. Rexd5 {[%clk 00:28:01]} {[%emt 00:07:13]} Rf3 {[%clk 00:30:31]}
{[%emt 00:02:45]} 24. Qh4 {[%clk 00:24:29]} {[%emt 00:03:42]} R3f4 {[%clk
00:29:14]} {[%emt 00:01:26]} 25. Qg3 {[%clk 00:24:14]} {[%emt 00:00:26]} Rf3
{[%clk 00:27:38]} {[%emt 00:01:46]} 26. Qh4 {[%clk 00:23:54]} {[%emt 00:00:26]}
h5 {[%clk 00:26:18]} {[%emt 00:01:34]} 27. Rd8 {[%clk 00:20:39]} {[%emt
00:03:22]} Qxc3 {[%clk 00:24:17]} {[%emt 00:02:13]} 28. Qe4 {[%clk 00:18:06]}
{[%emt 00:02:39]} Rxf2 {[%clk 00:22:47]} {[%emt 00:01:45]} 29. Qxg6 {[%clk
00:15:49]} {[%emt 00:02:28]} 1/2-1/2

[Event "2023 US National Elementary K-6 Championship"]
[Site "Baltimore, Maryland, United States"]
[Date "2023.05.13"]
[Round "3.6"]
[White "Soni, Arjun"]
[Black "Sukhiashvili, Alexander"]
[Result "0-1"]
[TimeControl "G/90; d10"]
[WhiteElo "2013"]
[BlackElo "1651"]

1. e4 {[%clk 01:29:50]} {[%emt 00:00:03]} c5 {[%clk 01:30:00]} 2. Nf3 {[%clk
01:29:45]} g6 {[%clk 01:29:44]} 3. d4 {[%clk 01:29:05]} cxd4 {[%clk 01:29:44]}
4. Nxd4 {[%clk 01:28:06]} Bg7 {[%clk 01:29:44]} 5. Nc3 {[%clk 01:27:13]} {[%emt
00:00:04]} Nc6 {[%clk 01:29:44]} 6. Be3 {[%clk 01:26:52]} Nf6 {[%clk 01:29:42]}
7. Bc4 {[%clk 01:18:37]} O-O {[%clk 01:29:33]} 8. Bb3 {[%clk 01:14:33]} d6
{[%clk 01:28:37]} {[%emt 00:00:29]} 9. f3 {[%clk 01:13:36]} {[%emt 00:01:07]}
Bd7 {[%clk 01:27:24]} {[%emt 00:01:22]} 10. Qd2 {[%clk 01:10:31]} {[%emt
00:03:39]} a6 {[%clk 01:25:36]} {[%emt 00:01:35]} 11. Nd5 {[%clk 00:58:13]}
{[%emt 00:12:46]} Nxd5 {[%clk 01:21:50]} {[%emt 00:03:39]} 12. exd5 {[%clk
00:56:11]} {[%emt 00:02:19]} Nxd4 {[%clk 01:21:14]} {[%emt 00:00:56]} 13. Bxd4
{[%clk 00:56:11]} Bxd4 {[%clk 01:21:12]} {[%emt 00:00:15]} 14. Qxd4 {[%clk
00:56:11]} Qa5+ {[%clk 01:20:53]} {[%emt 00:00:19]} 15. c3 {[%clk 00:55:46]}
{[%emt 00:00:39]} Qc5 {[%clk 01:19:24]} {[%emt 00:01:34]} 16. Qxc5 {[%clk
00:54:23]} {[%emt 00:01:37]} dxc5 {[%clk 01:19:22]} {[%emt 00:00:12]} 17. g4
{[%clk 00:52:58]} {[%emt 00:01:32]} b5 {[%clk 01:18:50]} {[%emt 00:00:43]} 18.
O-O-O {[%clk 00:45:55]} {[%emt 00:07:14]} c4 {[%clk 01:18:36]} {[%emt
00:00:55]} 19. Bc2 {[%clk 00:45:55]} Rfd8 {[%clk 01:08:30]} {[%emt 00:09:43]}
20. Rde1 {[%clk 00:43:06]} {[%emt 00:02:59]} Kf8 {[%clk 01:08:06]} {[%emt
00:00:37]} 21. h4 {[%clk 00:42:45]} {[%emt 00:00:29]} h6 {[%clk 01:07:26]}
{[%emt 00:00:50]} 22. h5 {[%clk 00:39:26]} {[%emt 00:03:32]} g5 {[%clk
01:06:55]} {[%emt 00:00:40]} 23. Rhg1 {[%clk 00:31:33]} {[%emt 00:08:13]} Bc8
{[%clk 00:59:16]} {[%emt 00:07:39]} 24. f4 {[%clk 00:22:10]} {[%emt 00:09:32]}
e6 {[%clk 00:47:04]} {[%emt 00:12:20]} 25. fxg5 {[%clk 00:18:19]} {[%emt
00:04:01]} hxg5 {[%clk 00:47:04]} {[%emt 00:01:28]} 26. dxe6 {[%clk 00:15:21]}
{[%emt 00:01:47]} Bxe6 {[%clk 00:47:04]} {[%emt 00:00:18]} 27. Re5 {[%clk
00:13:37]} {[%emt 00:01:53]} Rd5 {[%clk 00:46:22]} {[%emt 00:00:45]} 28. Rxd5
{[%clk 00:13:30]} {[%emt 00:00:08]} Bxd5 {[%clk 00:46:22]} {[%emt 00:00:07]} 29.
h6 {[%clk 00:12:36]} {[%emt 00:01:04]} Re8 {[%clk 00:44:39]} {[%emt 00:01:56]}
30. Kd2 {[%clk 00:10:09]} {[%emt 00:02:34]} Kg8 {[%clk 00:36:01]} {[%emt
00:08:47]} 31. Rf1 {[%clk 00:06:43]} {[%emt 00:03:37]} Be6 {[%clk 00:29:57]}
{[%emt 00:06:14]} 32. Bf5 {[%clk 00:06:43]} {[%emt 00:00:33]} Bxf5 {[%clk
00:27:21]} {[%emt 00:02:14]} 33. Rxf5 {[%clk 00:06:43]} {[%emt 00:00:36]} Rf8
{[%clk 00:17:17]} {[%emt 00:09:45]} 34. Rxg5+ {[%clk 00:06:21]} {[%emt
00:00:29]} Kh7 {[%clk 00:17:17]} {[%emt 00:00:07]} 35. Rf5 {[%clk 00:06:03]}
{[%emt 00:00:34]} Kxh6 {[%clk 00:17:17]} 36. Rf6+ {[%clk 00:06:02]} {[%emt
00:00:07]} Kg5 {[%clk 00:17:17]} {[%emt 00:00:04]} 37. Rxa6 {[%clk 00:06:02]}
{[%emt 00:00:04]} Kxg4 {[%clk 00:17:17]} {[%emt 00:00:11]} 38. Rb6 {[%clk
00:05:24]} {[%emt 00:00:36]} Rd8+ {[%clk 00:16:39]} {[%emt 00:00:48]} 39. Ke2
{[%clk 00:05:24]} {[%emt 00:00:11]} Rd5 {[%clk 00:16:33]} {[%emt 00:00:35]} 40.
Rf6 {[%clk 00:05:24]} Rf5 {[%clk 00:16:06]} {[%emt 00:00:25]} 41. Rb6 {[%clk
00:05:21]} {[%emt 00:00:06]} Re5+ {[%clk 00:16:02]} {[%emt 00:00:28]} 42. Kf2
{[%clk 00:05:20]} Rd5 {[%clk 00:16:01]} {[%emt 00:00:11]} 43. Ke3 {[%clk
00:05:19]} {[%emt 00:00:09]} Re5+ {[%clk 00:14:33]} {[%emt 00:01:42]} 44. Kd4
{[%clk 00:05:10]} {[%emt 00:00:17]} Rf5 {[%clk 00:14:23]} {[%emt 00:00:18]} 45.
a4 {[%clk 00:05:10]} {[%emt 00:00:12]} Rf4+ {[%clk 00:14:14]} {[%emt 00:00:27]}
46. Ke3 {[%clk 00:05:10]} {[%emt 00:00:08]} bxa4 {[%clk 00:14:14]} 47. Ra6
{[%clk 00:05:10]} {[%emt 00:00:07]} Rf3+ {[%clk 00:13:12]} {[%emt 00:01:09]} 48.
Ke2 {[%clk 00:05:05]} {[%emt 00:00:38]} Rf4 {[%clk 00:11:47]} {[%emt 00:01:12]}
49. Rxa4 {[%clk 00:05:05]} {[%emt 00:00:22]} f5 {[%clk 00:11:38]} {[%emt
00:00:11]} 50. Ke3 {[%clk 00:05:03]} Re4+ {[%clk 00:11:38]} {[%emt 00:00:08]}
51. Kf2 {[%clk 00:05:03]} {[%emt 00:00:05]} Rf4+ {[%clk 00:11:20]} {[%emt
00:00:25]} 52. Ke3 {[%clk 00:05:03]} {[%emt 00:00:13]} Kg3 {[%clk 00:10:48]}
{[%emt 00:00:36]} 53. Ra8 {[%clk 00:04:28]} {[%emt 00:00:44]} Re4+ {[%clk
00:10:48]} {[%emt 00:00:32]} 54. Kd2 {[%clk 00:04:28]} Kf3 {[%clk 00:10:48]}
{[%emt 00:00:03]} 55. Rh8 {[%clk 00:04:28]} Re2+ {[%clk 00:09:49]} {[%emt
00:01:03]} 56. Kc1 {[%clk 00:04:28]} {[%emt 00:00:22]} f4 {[%clk 00:09:29]}
{[%emt 00:00:08]} 57. Rc8 {[%clk 00:04:28]} {[%emt 00:00:30]} Re4 {[%clk
00:09:20]} {[%emt 00:00:03]} 58. Rd8 {[%clk 00:04:28]} {[%emt 00:00:07]} Ke3
{[%clk 00:08:47]} {[%emt 00:00:34]} 59. b3 {[%clk 00:04:28]} {[%emt 00:00:13]}
f3 {[%clk 00:08:15]} {[%emt 00:00:40]} 60. bxc4 {[%clk 00:03:57]} {[%emt
00:00:39]} f2 {[%clk 00:08:15]} {[%emt 00:00:10]} 61. Rd1 {[%clk 00:03:57]}
{[%emt 00:00:38]} Rxc4 {[%clk 00:07:56]} {[%emt 00:00:04]} 62. Kb2 {[%clk
00:03:57]} {[%emt 00:00:08]} Ke2 {[%clk 00:07:44]} {[%emt 00:00:12]} 63. Ra1
{[%clk 00:03:57]} {[%emt 00:00:04]} Rg4 {[%clk 00:07:32]} {[%emt 00:00:18]} 64.
Kb3 {[%clk 00:03:57]} {[%emt 00:00:12]} f1=Q {[%clk 00:06:48]} {[%emt
00:00:50]} 65. Rxf1 {[%clk 00:03:57]} {[%emt 00:00:09]} Kxf1 {[%clk 00:06:48]}
{[%emt 00:00:03]} 66. c4 {[%clk 00:03:57]} Ke2 {[%clk 00:06:48]} {[%emt
00:00:06]} 67. c5 {[%clk 00:03:57]} {[%emt 00:00:03]} Kd3 {[%clk 00:06:46]}
{[%emt 00:00:32]} 68. c6 {[%clk 00:03:57]} {[%emt 00:00:04]} Rc4 {[%clk
00:06:46]} 69. c7 {[%clk 00:03:57]} Rxc7 {[%clk 00:06:46]} 70. Kb4 {[%clk
00:03:57]} Rc3 {[%clk 00:06:29]} {[%emt 00:00:12]} 71. Kb5 {[%clk 00:03:57]}
{[%emt 00:00:13]} Kd4 {[%clk 00:06:29]} {[%emt 00:00:09]} 72. Kb4 {[%clk
00:03:57]} Rc8 {[%clk 00:06:18]} {[%emt 00:00:10]} 73. Kb5 {[%clk 00:03:57]}
{[%emt 00:00:03]} Rc1 {[%clk 00:05:31]} {[%emt 00:00:52]} 74. Kb6 {[%clk
00:03:57]} {[%emt 00:00:32]} Kd5 {[%clk 00:05:31]} {[%emt 00:00:04]} 75. Kb7
{[%clk 00:03:57]} Kd6 {[%clk 00:05:30]} 76. Kb8 {[%clk 00:03:57]} Kd7 {[%clk
00:05:30]} {[%emt 00:00:03]} 77. Kb7 {[%clk 00:03:57]} Rb1+ {[%clk 00:05:26]}
{[%emt 00:00:07]} 78. Ka6 {[%clk 00:03:57]} {[%emt 00:00:30]} Kc6 {[%clk
00:05:21]} {[%emt 00:00:04]} 79. Ka5 {[%clk 00:03:57]} Rb8 {[%clk 00:04:46]}
{[%emt 00:00:29]} 80. Ka4 {[%clk 00:03:57]} {[%emt 00:00:06]} Kc5 {[%clk
00:04:46]} 81. Ka3 {[%clk 00:03:57]} Kc4 {[%clk 00:04:46]} 82. Ka4 {[%clk
00:03:57]} Ra8# {[%clk 00:04:46]} 0-1